00743nam a2200145Ia 4500008004100000020001800041050002300059100003500082245008800117260003500205300001100240500002300251505025600274650006700530121028s9999 xx 000 0 und d a970-640-287-X aND259.A75 S34 2005 aSáenz, Olga ((María Olga)) aEl símbolo y la acción : vida y obra de Gerardo Murillo, Dr. Atl / Olga Sáenz aMéxico : El Colegio Nacional a653 p. aIncluye Contenido  a1. Lugar de nacimiento: la atlantida 2. Viajes al extremo: 3 Vueltas al mundo 3. Sus conceptos artisticos: cavernarios 4. No tuve mas que un padre: el padre eterno 5. ¿como se tedermino su vocaion?¿cual vocacion? 6. Sus Obras 7. Un viaje mas a aAtl Dr., 1875-1964 Tema Pintores mexicanos Siglo XX Ì